MARC

LEADER 00000nam0a2200000 4500
001 374086
005 20231102012625.0
035 |a (RuTPU)RU\TPU\retro\31520 
035 |a RU\TPU\book\305384 
090 |a 374086 
100 |a 20221216d1959 k y0rusy50 ca 
101 0 |a rus 
102 |a RU 
105 |a a z 001zy 
200 1 |a Теория флуктуационных явлений при распространении волн в турбулентной атмосфере  |f В.И. Татарский  |g Академия наук СССР (АН СССР), Институт физики атмосферы 
210 |a Москва  |c Изд-во Академии наук СССР  |d 1959 
215 |a 232 с.  |c ил. 
320 |a Библиогр.: с. 227-231. 
606 1 |a Атмосфера  |2 stltpush  |3 (RuTPU)RU\TPU\subj\29618  |9 52906 
610 1 |a флуктуационная теория 
610 1 |a флуктуационные явления 
610 1 |a турбулентная атмосфера 
610 1 |a волны 
610 1 |a распространение 
610 1 |a электромагнитные волны 
610 1 |a турбулентный поток 
610 1 |a звуковые волны 
675 |a 551.51  |v 3 
700 1 |a Татарский  |b В.И.  |g Валерьян Ильич 
712 0 2 |a Академия наук СССР (АН СССР)  |b Институт физики атмосферы  |2 stltpush  |3 (RuTPU)RU\TPU\col\20371 
801 1 |a RU  |b 63413507  |c 20150123 
801 2 |a RU  |b 63413507  |c 20221216  |g RCR 
942 |c BK